[Event "Cambridge op"]
[Site "Cambridge"]
[Date "2023.02.19"]
[Round "9"]
[White "Volovich, Julia"]
[Black "Soulier, Alfred"]
[Result "1-0"]
[WhiteElo "1830"]
[BlackElo "1722"]
[PlyCount "169"]
[EventDate "2023.02.15"]
[EventType "swiss"]
[EventRounds "9"]
[EventCountry "ENG"]
[SourceTitle "CBM 212 Extra"]
[Source "ChessBase"]
[SourceDate "2023.03.31"]
[SourceVersion "1"]
[SourceVersionDate "2023.03.31"]
[SourceQuality "1"]

1. d4 Nf6 2. c4 g6 3. Nc3 Bg7 4. e4 d6 5. Nf3 0-0 6. Be3 e5 7. dxe5 dxe5 8. Qc2 Re8 9. Rd1 Qe7 10. Nd5 Nxd5 11. cxd5 Bf8 12. Be2 Rd8 13. 0-0 Bg4 14. Bg5 f6 15. Be3 Bxf3 16. Bxf3 Kh8 17. Be2 c6 18. Bc4 cxd5 19. Bxd5 Na6 20. a3 Rdc8 21. Qe2 Nc5 22. Rc1 Ne6 23. g3 a6 24. b4 Rd8 25. Qa2 Ng7 26. Rc3 Rac8 27. Rfc1 Qd7 28. Bb6 Rxc3 29. Rxc3 Rc8 30. Rxc8 Qxc8 31. Qc4 Qxc4 32. Bxc4 Ne8 33. Bd5 Nd6 34. Kf1 Kg7 35. Ke2 f5 36. exf5 gxf5 37. Kd3 Kf6 38. Bc5 Be7 39. Kc2 b5 40. Bxd6 Bxd6 41. Kb3 Bc7 42. Bb7 a5 43. Bc6 Bb6 44. f3 axb4 45. Kxb4 Bg1 46. h3 Bh2 47. g4 fxg4 48. hxg4 Kg5 49. Kxb5 h5 50. gxh5 Kxh5 51. a4 Kg5 52. Kb6 Kf6 53. a5 Ke7 54. Kb7 Kd6 55. a6 Bg1 56. Be4 Kd7 57. a7 Bxa7 58. Kxa7 Kc7 59. Ka6 Kd6 60. Kb5 Ke6 61. Kc6 Ke7 62. Kd5 Kf6 63. Kd6 Kf7 64. Kxe5 Ke7 65. Bd5 Kf8 66. Kf6 Ke8 67. f4 Kf8 68. f5 Ke8 69. Kg7 Ke7 70. f6+ Kd6 71. f7 Kxd5 72. f8Q Kd4 73. Qf5 Kc4 74. Qe5 Kd3 75. Qf4 Kc3 76. Qe4 Kb3 77. Qd4 Kc2 78. Qe3 Kb2 79. Qd3 Kc1 80. Qe2 Kb1 81. Kf6 Kc1 82. Ke5 Kb1 83. Kd4 Kc1 84. Kc3 Kb1 85. Qb2# 1-0

[Event "EU-chT U12"]
[Site "Thessaloniki"]
[Date "2022.07.14"]
[Round "3.4"]
[White "Soulier, Alfred"]
[Black "Bezeyko, Alexander"]
[Result "1/2-1/2"]
[WhiteElo "1425"]
[BlackElo "1763"]
[PlyCount "150"]
[EventDate "2022.07.12"]
[EventType "team-swiss"]
[EventRounds "7"]
[EventCountry "GRE"]
[SourceTitle "EXT 2023"]
[Source "ChessBase"]
[SourceDate "2022.10.05"]
[SourceVersion "1"]
[SourceVersionDate "2022.10.05"]
[SourceQuality "1"]
[WhiteTeam "England U12"]
[BlackTeam "Ukraine U12"]
[WhiteTeamCountry "ENG"]
[BlackTeamCountry "UKR"]

1. e4 c5 2. Nf3 d6 3. d4 cxd4 4. Nxd4 Nf6 5. Nc3 a6 6. Bg5 e6 7. f4 h6 8. Bh4 Qb6 9. a3 Qc7 10. Qf3 b5 11. Bd3 Bb7 12. 0-0-0 Nbd7 13. Nb3 Be7 14. Rhe1 Rb8 15. Bf2 Bc6 16. g4 e5 17. f5 a5 18. h4 b4 19. axb4 axb4 20. Ne2 Ba4 21. Kd2 Bxb3 22. cxb3 Nc5 23. Bxc5 dxc5 24. Ng3 Nd7 25. h5 0-0 26. Ke2 Rbd8 27. Kf1 Nb8 28. Bc4 Nc6 29. Bd5 Nd4 30. Qd3 Bh4 31. Kg2 Qe7 32. Kh3 Kh8 33. Rb1 Rd7 34. Rbd1 Rc8 35. Rf1 Bxg3 36. Kxg3 Qg5 37. Rf2 Ra7 38. Qd2 Qxd2 39. Rfxd2 Rcc7 40. Rf1 Ra6 41. Bc4 Rd6 42. Rdf2 f6 43. Ra1 Rd8 44. Bd5 Rcd7 45. Kg2 Kh7 46. Ra5 Rxd5 47. exd5 Nxb3 48. Ra7 Rxd5 49. Rc7 Rd4 50. Kg3 Nd2 51. Re2 c4 52. Re1 Ne4+ 53. Kf3 Ng5+ 54. Kg3 Rd3+ 55. Kf2 Nh3+ 56. Kg2 Nf4+ 57. Kf2 Rd2+ 58. Kf1 Nh3 59. Ra1 Rf2+ 60. Ke1 Rg2 61. Ra4 Nf4 62. Rxc4 Nd3+ 63. Kf1 Rxb2 64. Ra7 Rb1+ 65. Kg2 Nf4+ 66. Kf2 Rb2+ 67. Kf3 Rb3+ 68. Kf2 Nd3+ 69. Ke2 Nf4+ 70. Kf2 Rb2+ 71. Kf3 Rb3+ 72. Kf2 Rb2+ 73. Kf3 Nd5 74. Rc8 Rb3+ 75. Kf2 Rc3 1/2-1/2

[Event "EU-chT U12"]
[Site "Thessaloniki"]
[Date "2022.07.13"]
[Round "2.4"]
[White "Suska, Szymon"]
[Black "Soulier, Alfred"]
[Result "1-0"]
[WhiteElo "1674"]
[BlackElo "1425"]
[PlyCount "143"]
[EventDate "2022.07.12"]
[EventType "team-swiss"]
[EventRounds "7"]
[EventCountry "GRE"]
[SourceTitle "EXT 2023"]
[Source "ChessBase"]
[SourceDate "2022.10.05"]
[SourceVersion "1"]
[SourceVersionDate "2022.10.05"]
[SourceQuality "1"]
[WhiteTeam "Poland U12"]
[BlackTeam "England U12"]
[WhiteTeamCountry "POL"]
[BlackTeamCountry "ENG"]

1. Nf3 Nf6 2. b3 g6 3. Bb2 Bg7 4. g3 0-0 5. Bg2 d6 6. d4 c5 7. 0-0 Qc7 8. c4 Rd8 9. Nc3 a6 10. Qc2 cxd4 11. Nxd4 e6 12. Rac1 Nc6 13. Nd5 exd5 14. cxd5 Nxd5 15. Bxd5 Bxd4 16. Bxd4 Bh3 17. Rfe1 Rac8 18. Bf6 Re8 19. Qd2 Re6 20. Bxe6 fxe6 21. Qh6 Qf7 22. Qxh3 Qxf6 23. Rcd1 Rf8 24. Qg2 d5 25. Qf3 Qe7 26. Qe3 Qf6 27. f4 h5 28. Rf1 Qe7 29. Qd3 Kg7 30. e4 d4 31. f5 gxf5 32. exf5 e5 33. Qe4 Qg5 34. Rd3 Qf6 35. g4 hxg4 36. Rg3 Kf7 37. Rxg4 Ne7 38. Rg6 Qh8 39. Re6 Rg8+ 40. Kh1 Nc6 41. Qd5 Ne7 42. Qxe5 Qxe5 43. Rxe5 Rd8 44. f6 Nc6 45. Rg5 Rg8 46. Rxg8 Kxg8 47. f7+ Kf8 48. Kg2 Ne5 49. Rf5 Ng4 50. Kf3 Nh6 51. Rf6 Nxf7 52. Ke4 Ke7 53. Rxf7+ Kxf7 54. Kxd4 Kg6 55. Kc5 Kg5 56. Kb6 Kh4 57. Kxb7 Kh3 58. Kxa6 Kxh2 59. b4 Kg3 60. b5 Kf4 61. b6 Ke5 62. b7 Kd6 63. b8Q+ Kd5 64. Kb5 Kd4 65. Qd6+ Ke4 66. Kc4 Ke3 67. Qe5+ Kf3 68. Kd3 Kg4 69. Ke3 Kh3 70. Kf3 Kh4 71. Qd5 Kh3 72. Qh5# 1-0

[Event "Hammersmith CC op"]
[Site "London"]
[Date "2022.06.05"]
[Round "5"]
[White "Georgiev, Ivan Georgiev"]
[Black "Soulier, Alfred"]
[Result "1-0"]
[WhiteElo "2010"]
[BlackElo "1785"]
[PlyCount "107"]
[EventDate "2022.06.04"]
[EventType "swiss"]
[EventRounds "6"]
[EventCountry "ENG"]
[SourceTitle "CBM 208 Extra"]
[Source "ChessBase"]
[SourceDate "2022.07.31"]
[SourceVersion "1"]
[SourceVersionDate "2022.07.31"]
[SourceQuality "1"]

1. e4 c5 2. Nf3 d6 3. d4 cxd4 4. Nxd4 Nf6 5. Nc3 a6 6. Bg5 e6 7. Qf3 Be7 8. 0-0-0 Qc7 9. Qg3 b5 10. Bxb5+ axb5 11. Ndxb5 Qd8 12. Nxd6+ Bxd6 13. Rxd6 Qa5 14. Bxf6 gxf6 15. Rhd1 Nd7 16. f4 Ra6 17. Qg7 Rf8 18. Rxa6 Qxa6 19. Qxh7 Qb6 20. Qh3 Qa6 21. Qe3 Qb6 22. Qxb6 Nxb6 23. b3 Rh8 24. h3 Ke7 25. a4 Ba6 26. a5 Nd7 27. Kb2 Rg8 28. g4 Rh8 29. Rh1 Kd6 30. b4 Rc8 31. h4 Kc6 32. h5 Nf8 33. Kb3 Rb8 34. Na4 Rd8 35. Nc5 Be2 36. Rg1 Nd7 37. Nxd7 Rxd7 38. h6 Kb5 39. g5 Bh5 40. c4+ Ka6 41. Ka4 Bd1+ 42. Ka3 Bf3 43. h7 Rd8 44. Ka4 Bxe4 45. b5+ Kb7 46. gxf6 Bxh7 47. Kb4 Rd4 48. Kc5 Rxf4 49. a6+ Ka7 50. Rd1 Rf5+ 51. Kb4 Rxf6 52. Rd7+ Ka8 53. b6 Bd3 54. Rd8# 1-0

[Event "Wch U12 blitz"]
[Site "Rhodes"]
[Date "2022.05.03"]
[Round "9"]
[White "Kuru, Atilla"]
[Black "Soulier, Alfred"]
[Result "1-0"]
[WhiteElo "2023"]
[BlackElo "1293"]
[PlyCount "137"]
[EventDate "2022.05.03"]
[EventType "swiss (blitz)"]
[EventRounds "9"]
[EventCountry "GRE"]
[SourceTitle "CBM 208 Extra"]
[Source "ChessBase"]
[SourceDate "2022.07.31"]
[SourceVersion "1"]
[SourceVersionDate "2022.07.31"]
[SourceQuality "1"]

1. e4 c5 2. Nf3 d6 3. d4 cxd4 4. Nxd4 Nf6 5. Nc3 a6 6. f3 e6 7. Be3 b5 8. Qd2 Bb7 9. 0-0-0 Nbd7 10. g4 h6 11. h4 b4 12. Na4 d5 13. exd5 Nxd5 14. Bf2 Rc8 15. Rg1 Be7 16. g5 hxg5 17. hxg5 Rh5 18. f4 Nxf4 19. Qxf4 Bxg5 20. Rxg5 Qxg5 21. Qxg5 Rxg5 22. Nb3 Rf5 23. Bd4 Be4 24. c3 bxc3 25. Nxc3 Bb7 26. Bxg7 Nb6 27. Bd4 Nd5 28. Bd3 Rg5 29. Kb1 Nxc3+ 30. Bxc3 Rd5 31. Bd4 e5 32. Re1 f6 33. Be4 Rd7 34. Bf5 Rxd4 35. Bxc8 Rb4 36. Bf5 Rf4 37. Bc2 Kd7 38. Nc5+ Kc8 39. Rh1 Rg4 40. Bf5+ Kc7 41. Bxg4 Bxh1 42. Nxa6+ Kd6 43. Kc2 Be4+ 44. Kd2 f5 45. Be2 f4 46. Nb4 Kc5 47. Nd3+ Kd4 48. Ne1 Kd5 49. Bd3 Bh1 50. Bf1 e4 51. Ke2 e3 52. Bg2+ Bxg2 53. Nxg2 Ke4 54. Nh4 Kd4 55. Nf3+ Ke4 56. b4 Kd5 57. Kd3 Kc6 58. a4 Kb6 59. Kc4 Kc6 60. a5 Kb7 61. b5 Ka7 62. Kc5 Kb7 63. a6+ Ka7 64. Kc6 Kb8 65. b6 e2 66. b7 e1Q 67. Nxe1 f3 68. Kb6 f2 69. a7# 1-0

[Event "London Mill Hill op U2200"]
[Site "London"]
[Date "2021.11.27"]
[Round "2"]
[White "Siddharth, Gopakumar"]
[Black "Soulier, Alfred"]
[Result "1-0"]
[WhiteElo "1872"]
[BlackElo "1351"]
[PlyCount "121"]
[EventDate "2021.11.27"]
[EventType "swiss"]
[EventRounds "5"]
[EventCountry "ENG"]
[SourceTitle "EXT 2023"]
[Source "ChessBase"]
[SourceDate "2022.10.05"]
[SourceVersion "1"]
[SourceVersionDate "2022.10.05"]
[SourceQuality "1"]

1. e4 c5 2. Nf3 d6 3. d4 cxd4 4. Qxd4 Nc6 5. Bb5 Bd7 6. Qd3 Nf6 7. c4 a6 8. Bxc6 Bxc6 9. Nc3 e6 10. Bg5 Be7 11. 0-0 Qc7 12. Nd4 Bd7 13. Rac1 h6 14. Bh4 0-0 15. Rfd1 Rac8 16. b3 Rfd8 17. h3 Qa5 18. g4 Re8 19. Kh1 d5 20. cxd5 exd5 21. e5 Rxc3 22. Qxc3 Qxc3 23. Rxc3 Ne4 24. Rc2 Bb4 25. f3 Ng5 26. Kg2 Be7 27. Bg3 Bc5 28. Bh2 Bb6 29. h4 Bxd4 30. Rxd4 Ne6 31. Rxd5 Bc6 32. Rd1 Kf8 33. Kf2 Ke7 34. Ke3 Nc7 35. Rc5 Rd8 36. Rxd8 Kxd8 37. f4 Kd7 38. f5 b6 39. Rc1 a5 40. Kd4 Bb7 41. Rd1 Na6 42. Rg1 Nc5 43. Rg3 Ba6 44. g5 h5 45. g6 Ke8 46. f6 Ne6+ 47. Kd5 Nf4+ 48. Kc6 fxg6 49. fxg7 Kf7 50. Rf3 Kxg7 51. Rxf4 Bc8 52. Kxb6 Be6 53. Rf3 Bg4 54. Rf2 Kh6 55. Kxa5 g5 56. Rf6+ Kg7 57. hxg5 h4 58. Rh6 h3 59. b4 Kf7 60. b5 Ke7 61. b6 1-0

[Event "ENG-ch U10"]
[Site "Milton Keynes"]
[Date "2021.10.03"]
[Round "6"]
[White "Soulier, Alfred"]
[Black "Vaidyanathan, Adithya"]
[Result "1/2-1/2"]
[WhiteElo "1350"]
[BlackElo "1559"]
[PlyCount "109"]
[EventDate "2021.10.02"]
[EventType "swiss"]
[EventRounds "7"]
[EventCountry "ENG"]
[SourceTitle "EXT 2023"]
[Source "ChessBase"]
[SourceDate "2022.10.05"]
[SourceVersion "1"]
[SourceVersionDate "2022.10.05"]
[SourceQuality "1"]

1. e4 c5 2. Nf3 Nc6 3. d4 cxd4 4. Nxd4 e5 5. Nb5 d6 6. c4 a6 7. N5a3 Be7 8. Nc3 Nf6 9. Be2 0-0 10. Be3 Be6 11. 0-0 Nd7 12. Qd2 f5 13. f3 f4 14. Bf2 Bh4 15. Qxd6 Bxf2+ 16. Rxf2 Rf6 17. Qd1 Rg6 18. Rb1 Qb6 19. Nd5 Qd8 20. b4 Ne7 21. Nxe7+ Qxe7 22. Qe1 Bh3 23. Kh1 Be6 24. Bd3 Nf6 25. c5 Rd8 26. Bc4 Rh6 27. Bxe6+ Qxe6 28. Rd1 Re8 29. Qe2 Kh8 30. Nc4 Nh5 31. Kg1 Ng3 32. hxg3 fxg3 33. Rd6 gxf2+ 34. Kxf2 Qe7 35. Rxh6 gxh6 36. Nd6 Qh4+ 37. Kf1 Rg8 38. Qf2 Qf4 39. Qe1 Rg3 40. Nf5 Rg5 41. Qd1 Rg8 42. Qe1 Qg5 43. Qe2 Qh5 44. Qf2 Qg5 45. Qc2 Rd8 46. Nd6 Kg7 47. Qc4 Qf6 48. Nf5+ Kg6 49. Nd6 b5 50. Qd5 Qf4 51. Ke2 Rf8 52. Qe6+ Qf6 53. Qg4+ Qg5 54. Qe6+ Kg7 55. Nf5+ 1/2-1/2